书目信息 |
| 题名: |
引发学生奇思妙想的创新故事
|
|
| 作者: | ;成长必读编委会 编著 | |
| 分册: | 上 | |
| 出版信息: | 北京 京华出版社 2010.05 |
|
| 页数: | 151页 | |
| 开本: | 21cm | |
| 丛书名: | ||
| 单 册: | ||
| 中图分类: | I14 | |
| 科图分类: | ||
| 主题词: | 故事--Gu Shi--世界--作品集 | |
| 电子资源: | ||
| ISBN: | 978-7-80724-634-3 | |
| 000 | 00827nam 2200241 450 | |
| 001 | CAL 012009123987 | |
| 005 | 20111226150228.00 | |
| 010 | @a978-7-80724-634-3@dCNY29.90 | |
| 100 | @a20090921d2010 ekmy0chiy50 ea | |
| 101 | 0 | @achi |
| 102 | @aCN@b110000 | |
| 105 | @aa z 000yy | |
| 200 | 1 | @a引发学生奇思妙想的创新故事@AYin Fa Xue Sheng Qi Si Miao Xiang De Chuang Xin Gu Shi@h上@f成长必读编委会编著 |
| 205 | @a第2版 | |
| 210 | @a北京@c京华出版社@d2010.05 | |
| 215 | @a151页@c图@d21cm | |
| 225 | 2 | @AZhong Guo Xue Sheng Zong He Neng Li Pei Yang Bi Du |
| 410 | 0 | @12001 @AZhong Guo Xue Sheng Zong He Neng Li Pei Yang Bi Du |
| 606 | 0 | @a故事@AGu Shi@y世界@j作品集 |
| 690 | @aI14@v4 | |
| 711 | 02 | @a成长必读编委会@ACheng Zhang Bi Du Bian Wei Hui@4编著 |
| 801 | 0 | @aCN@bZZRC@c20111226 |
| 905 | @aZUCC@dI14@eC6756=2@f3 | |
| 引发学生奇思妙想的创新故事.上/成长必读编委会编著.-第2版.-北京:京华出版社,2010.05 |
| 151页:图;21cm |
| ISBN 978-7-80724-634-3:CNY29.90 |
| ● |
| 相关链接 |
|
|
|
正题名:引发学生奇思妙想的创新故事
索取号:I14/C6756=2
 
预约/预借
| 序号 | 登录号 | 条形码 | 馆藏地/架位号 | 状态 | 备注 |
| 1 | 1067443 | 210674439 | 社科二线400B/400B社科库 19排2列1层/ [索取号:I14/C6756=2] | 在馆 | |
| 2 | 1067444 | 210674448 | 社科二线400B/400B社科库 22排2列1层/ [索取号:I14/C6756=2] | 在馆 | |
| 3 | 1067445 | 210674457 | 文学库108/108文学库 2排2列1层/ [索取号:I14/C6756=2] | 在馆 |